Estadísticas para Municipios Más Poblados de Castilla La Mancha

Haz click aquí para intentar la prueba.

Estadísticas generales

  • Esta prueba ha sido intentada 231 veces
  • La puntuación promedio es 13 de 22

Estadísticas de respuestas

PoblaciónCiudad% Correcto
85 811Toledo
96%
174 336Albacete
95%
54 621Cuenca
95%
75 504Ciudad Real
94%
87 484Guadalajara
94%
83 633Talavera de la Reina
84%
46 607Puertollano
69%
36 168Tomelloso
60%
30 200Hellín
55%
30 252Valdepeñas
55%
29 588Illescas
54%
15 645Tarancón
52%
30 766Alcázar de San Juan
50%
35 407Azuqueca de Henares
49%
24 511Almansa
48%
15 401La Roda
48%
17 783Manzanares
46%
25 116Villarrobledo
39%
27 066Seseña
37%
17 680Daimiel
35%
15 744Miguelturra
20%
15 313La Solana
16%

Distribución de puntuación

Porcentaje por número respondido

Porcentaje de gente con cada puntuación

Historial de tus puntuaciones

No has intentado esta prueba.